01176nam a2200265 a 450000100100000000500170001000800410002702000180006804000250008608200180011110000420012924501080017126000360027930000350031549000270035065000210037765000450039860000380044383000340048104900090051595201310052495201160065595201220077199900170089300004650420201002052922.0100223s2015 dr ac 000 0 spa d a9789945141221 aDO-SdBNPbspacBNPHU a372.19bC578p1 aHernández Caamañ, Mercedes97449610aCírculo infantil :bUn modelo en la educación inicial dominicana /cMercedes Hernández Caamaño. aSanto Domingo :bBúho,c2015. a307p. :bil., retrs. ;c24 cm.1 aInovando en la escuela 4aCurriculo935953 4aEducaciónzRepública Dominicana973704aCOLEGIO CÍRCULO INFANTIL935954 0aInovando en la escuela974497 aBNPD 001054708DSaGRbGRcHDd2015-08-20iLF1l0o372.19 C578pp46504-30r2020-06-25te. 3w2020-06-25yLFDSZPréstamo en sala 0010718PDaPDbPDcHDd2015-08-20iLF1l0o372.19 C578pp46504-10r2020-06-25w2020-06-25yLFPDZNo se presta 0010718PDaPDbPDcHDd2015-08-20iLF1l0o372.19 C578pp46504-20r2020-06-25te. 2w2020-06-25yLFPDZNo se presta c45993d45993